Daily awakenings : (Record no. 3135)
[ view plain ]
| 000 -LEADER | |
|---|---|
| fixed length control field | 00695cam a22002417a 4500 |
| 001 - CONTROL NUMBER | |
| control field | 12116852 |
| 003 - CONTROL NUMBER IDENTIFIER | |
| control field | GBCCL |
| 005 - DATE AND TIME OF LATEST TRANSACTION | |
| control field | 20241126110448.0 |
| 008 - FIXED-LENGTH DATA ELEMENTS--GENERAL INFORMATION | |
| fixed length control field | 000724s1999 cau 000 0 eng |
| 010 ## - | |
| -- | 00698155 |
| 020 ## - INTERNATIONAL STANDARD BOOK NUMBER | |
| International Standard Book Number | 0830725121 |
| 040 ## - CATALOGING SOURCE | |
| Original cataloging agency | DLC |
| Transcribing agency | DLC |
| 050 00 - | |
| -- | MLCS 2003/05451 (B) |
| 082 ## - DEWEY DECIMAL CLASSIFICATION NUMBER | |
| Classification number | 242.2 |
| Item number | HIL |
| 100 1# - MAIN ENTRY--PERSONAL NAME | |
| Personal name | Hill, Stephen, |
| Dates associated with a name | 1954- |
| 9 (RLIN) | 6423 |
| 245 10 - TITLE STATEMENT | |
| Title | Daily awakenings : |
| Remainder of title | a devotional / |
| Statement of responsibility, etc. | Stephen Hill. |
| 260 ## - PUBLICATION, DISTRIBUTION, ETC. | |
| Place of publication, distribution, etc. | Ventura, Calif. : |
| Name of publisher, distributor, etc. | Regal Books, |
| Date of publication, distribution, etc. | c1999. |
| 300 ## - PHYSICAL DESCRIPTION | |
| Extent | 1 v. (unpaged) ; |
| Dimensions | 22 cm. |
| 650 ## - SUBJECT ADDED ENTRY--TOPICAL TERM | |
| Topical term or geographic name entry element | Devotional |
| 9 (RLIN) | 6484 |
| 906 ## - LOCAL DATA ELEMENT F, LDF (RLIN) | |
| a | 7 |
| b | cbc |
| c | orignew |
| d | 4 |
| e | ncip |
| f | 20 |
| g | y-gencatlg |
| 942 ## - ADDED ENTRY ELEMENTS (KOHA) | |
| Source of classification or shelving scheme | Dewey Decimal Classification |
| Koha item type | Books |
| Withdrawn status | Lost status | Source of classification or shelving scheme | Damaged status | Not for loan | Home library | Current Library | Shelving location | Date acquired | Total checkouts | Full call number | Barcode | Date last seen | Copy number | Price effective from | Koha item type |
|---|---|---|---|---|---|---|---|---|---|---|---|---|---|---|---|
| Dewey Decimal Classification | GRACE BIBLE COLLEGE | GRACE BIBLE COLLEGE | Ministry & Mission | 2017-11-06 | 242.2 HIL | 012073 | 2025-05-01 | c.1 | 2017-11-06 | Books | |||||
| Dewey Decimal Classification | GRACE BIBLE COLLEGE | GRACE BIBLE COLLEGE | Ministry & Mission | 2017-11-20 | 242.2 HIL | 012074 | 2025-05-01 | c.2 | 2017-11-20 | Books | |||||
| Dewey Decimal Classification | GRACE BIBLE COLLEGE | GRACE BIBLE COLLEGE | Ministry & Mission | 2017-11-20 | 242.2 HIL | 012075 | 2025-05-01 | c.3 | 2017-11-20 | Books | |||||
| Dewey Decimal Classification | GRACE BIBLE COLLEGE | GRACE BIBLE COLLEGE | Ministry & Mission | 2017-11-20 | 242.2 HIL | 012076 | 2025-05-01 | c.4 | 2017-11-20 | Books | |||||
| Dewey Decimal Classification | GRACE BIBLE COLLEGE | GRACE BIBLE COLLEGE | Ministry & Mission | 2017-11-20 | 242.2 HIL | 012077 | 2025-05-01 | c.5 | 2017-11-20 | Books | |||||
| Dewey Decimal Classification | GRACE BIBLE COLLEGE | GRACE BIBLE COLLEGE | Ministry & Mission | 2017-11-20 | 242.2 HIL | 012078 | 2025-05-01 | c.6 | 2017-11-20 | Books | |||||
| Dewey Decimal Classification | GRACE BIBLE COLLEGE | GRACE BIBLE COLLEGE | Ministry & Mission | 2017-11-20 | 242.2 HIL | 012079 | 2025-05-01 | c.7 | 2017-11-20 | Books | |||||
| Dewey Decimal Classification | GRACE BIBLE COLLEGE | GRACE BIBLE COLLEGE | Ministry & Mission | 2017-11-20 | 242.2 HIL | 012080 | 2025-05-01 | c.8 | 2017-11-20 | Books | |||||
| Dewey Decimal Classification | GRACE BIBLE COLLEGE | GRACE BIBLE COLLEGE | Ministry & Mission | 2017-11-20 | 242.2 HIL | 012081 | 2025-05-01 | c.9 | 2017-11-20 | Books |